| 000 | 01290cam a22003854a 4500 | ||
|---|---|---|---|
| 001 | 14023679 | ||
| 003 | OSt | ||
| 005 | 20140310182707.0 | ||
| 008 | 050701s2007 maua 001 0 eng | ||
| 010 | _a 2005018776 | ||
| 020 | _a0071252797 | ||
| 020 | _a0072828471 | ||
| 040 |
_aDLC _cDLC _dDLC |
||
| 042 | _apcc | ||
| 050 | 0 | 0 |
_aQD 253.2 _b.D411 2007 |
| 082 | 0 | 0 |
_aM 540 _25th ed. _bD28 2004 |
| 100 | 1 |
_aDenniston, K. J. _q(Katherine J.) |
|
| 245 | 1 | 0 |
_aGeneral, organic, and biochemistry / _cDenniston, Katherine J.; Topping, Joseph J.; Caret, Robert L. |
| 250 | _a5th ed. | ||
| 260 |
_aNew York : _bMcGraw-Hill Companies, _cc2007. |
||
| 300 |
_axxv, 801 p. _bill. ; _c26 cm. |
||
| 500 | _aIncludes index. | ||
| 521 | _aCollege Students | ||
| 526 | _c1210L-1700L | ||
| 541 | _j1 | ||
| 562 | _e1 | ||
| 650 | 0 |
_aChemistry, Organic _vTextbooks. |
|
| 650 | 0 |
_aBiochemistry _vTextbooks. |
|
| 700 | 1 | _aTopping, Joseph J. | |
| 700 | 1 |
_aCaret, Robert L., _d1947- |
|
| 856 | 4 | 1 |
_3Table of contents _uhttp://www.loc.gov/catdir/toc/ecip0515/2005018776.html |
| 906 |
_a7 _bcbc _corignew _d1 _eecip _f20 _gy-gencatlg |
||
| 942 |
_2lcc _cBK _kM |
||
| 999 |
_c15222 _d15222 |
||